Statistics for Top 1000 English Words, all together.

Click here to take the quiz!

General Stats

  • This quiz has been taken 29,966 times
  • The average score is 352 of 999

Answer Stats

list% Correct
I
96%
The
93%
He
92%
Be
90%
Do
89%
No
89%
To
89%
On
88%
Go
87%
Me
87%
We
87%
You
87%
In
85%
So
85%
Her
84%
For
82%
And
80%
She
80%
Two
80%
All
79%
As
79%
Four
79%
Not
79%
Of
79%
One
79%
Car
78%
Five
78%
Ten
78%
Three
78%
It
77%
Man
77%
Six
77%
They
77%
At
76%
See
76%
Seven
76%
Can
75%
Day
75%
Eight
75%
Up
75%
What
75%
Who
75%
Your
75%
There
74%
Us
74%
When
74%
Where
74%
How
73%
Love
73%
Yes
73%
Good
72%
Have
72%
My
72%
Time
72%
His
71%
Out
71%
That
71%
Eat
70%
Ever
70%
House
70%
Like
70%
Them
70%
Why
70%
By
69%
Give
69%
Their
69%
But
68%
Come
68%
Hear
68%
Him
68%
Or
68%
Some
68%
Too
68%
Win
68%
From
67%
Make
67%
More
67%
Off
67%
This
67%
Woman
67%
Down
66%
Get
66%
Home
66%
List
66%
Take
66%
Could
65%
Drink
65%
Hand
65%
Right
65%
Run
65%
Star
65%
Under
65%
Bad
64%
Girl
64%
Live
64%
Read
64%
Walk
64%
Water
64%
Will
64%
With
64%
Boy
63%
Food
63%
Know
63%
Let
63%
Play
63%
Say
63%
Then
63%
Work
63%
Year
63%
After
62%
Back
62%
Big
62%
Head
62%
Hundred
62%
New
62%
Night
62%
Old
62%
Our
62%
Over
62%
Second
62%
About
61%
Act
61%
Any
61%
Every
61%
Eye
61%
Father
61%
First
61%
Here
61%
Look
61%
Mother
61%
Per
61%
Plan
61%
Son
61%
Than
61%
Think
61%
Would
61%
Book
60%
Child
60%
Just
60%
Sit
60%
Country
59%
Light
59%
May
59%
Money
59%
Never
59%
Write
59%
Black
58%
Buy
58%
Foot
58%
If
58%
Lose
58%
Now
58%
School
58%
Should
58%
Top
58%
Want
58%
Answer
57%
Close
57%
Drive
57%
End
57%
Far
57%
Small
57%
Word
57%
Because
56%
Before
56%
Call
56%
City
56%
Even
56%
Life
56%
Month
56%
White
56%
Arm
55%
Ask
55%
Die
55%
Feel
55%
Find
55%
Great
55%
Last
55%
Minute
55%
People
55%
Start
55%
Talk
55%
Tell
55%
Thing
55%
Thousand
55%
War
55%
Way
55%
Week
55%
Add
54%
Friend
54%
High
54%
Hour
54%
Real
54%
Stand
54%
Teach
54%
World
54%
Happy
53%
Low
53%
Million
53%
Miss
53%
Most
53%
Open
53%
Part
53%
Try
53%
Use
53%
Door
52%
Leave
52%
Need
52%
Put
52%
Road
52%
Stop
52%
Animal
51%
Bill
51%
Enter
51%
Fly
51%
Listen
51%
Long
51%
Place
51%
Speak
51%
Though
51%
Together
51%
Watch
51%
Young
51%
Air
50%
Face
50%
Fall
50%
Fire
50%
Form
50%
Less
50%
Lie
50%
Little
50%
Much
50%
Name
50%
Show
50%
Tree
50%
Well
50%
Break
49%
Fast
49%
Free
49%
Game
49%
Hard
49%
Into
49%
Kill
49%
Meet
49%
Phone
49%
Short
49%
Again
48%
Away
48%
Ball
48%
Family
48%
Its
48%
Learn
48%
Many
48%
Move
48%
Pay
48%
Person
48%
Side
48%
Which
48%
Above
47%
Art
47%
Begin
47%
Body
47%
Build
47%
Care
47%
Inside
47%
Mean
47%
Question
47%
Sell
47%
Stay
47%
Able
46%
Always
46%
Computer
46%
Fight
46%
Fun
46%
Heart
46%
Help
46%
Keep
46%
Late
46%
Music
46%
Number
46%
Other
46%
Street
46%
Third
46%
Very
46%
Age
45%
Also
45%
Around
45%
Change
45%
Hold
45%
Hope
45%
Land
45%
Might
45%
Near
45%
Paper
45%
Past
45%
Room
45%
Same
45%
Shop
45%
Something
45%
State
45%
Town
45%
Mind
44%
Please
44%
Pull
44%
Rest
44%
Set
44%
Through
44%
Today
44%
Train
44%
Turn
44%
Believe
43%
Bring
43%
Cut
43%
Easy
43%
Front
43%
Full
43%
Grow
43%
Kind
43%
Line
43%
Next
43%
Nice
43%
Nothing
43%
Only
43%
Outside
43%
Pass
43%
Push
43%
Table
43%
Wrong
43%
Billion
42%
Job
42%
Kid
42%
Must
42%
Really
42%
Save
42%
Sex
42%
Teacher
42%
Wait
42%
Without
42%
Yet
42%
Create
41%
Date
41%
Doctor
41%
Lead
41%
Maybe
41%
Send
41%
Bar
40%
Everything
40%
Hit
40%
Letter
40%
Lot
40%
Own
40%
Someone
40%
Song
40%
Wall
40%
Wish
40%
Actually
39%
Anything
39%
Choose
39%
Death
39%
Everyone
39%
Fill
39%
Mark
39%
Plant
39%
Present
39%
Remember
39%
Still
39%
True
39%
Wear
39%
Yesterday
39%
Allow
38%
Anyone
38%
Behind
38%
Cause
38%
Draw
38%
Future
38%
Large
38%
Movie
38%
Store
38%
Sure
38%
Test
38%
Alone
37%
Card
37%
Different
37%
Each
37%
Ground
37%
Law
37%
Office
37%
Once
37%
Sign
37%
Sound
37%
Study
37%
Travel
37%
Between
36%
Building
36%
Cost
36%
Fine
36%
Police
36%
Post
36%
Round
36%
Seem
36%
Space
36%
Sport
36%
Story
36%
Television
36%
While
36%
Action
35%
Agree
35%
Another
35%
Follow
35%
Happen
35%
History
35%
Human
35%
Myself
35%
Note
35%
Party
35%
Pick
35%
Picture
35%
Throw
35%
Understand
35%
Bank
34%
Both
34%
Catch
34%
Fact
34%
Few
34%
Film
34%
Hospital
34%
News
34%
Order
34%
Point
34%
Search
34%
Soon
34%
Strong
34%
Team
34%
Type
34%
Account
33%
Against
33%
Along
33%
Carry
33%
Class
33%
Deal
33%
Early
33%
Fail
33%
Finish
33%
Poor
33%
Quite
33%
Rise
33%
Student
33%
Until
33%
Whole
33%
Whom
33%
Whose
33%
Ago
32%
Beat
32%
Case
32%
Check
32%
Clear
32%
Cover
32%
Fear
32%
Main
32%
Matter
32%
Often
32%
Step
32%
Wonder
32%
Almost
31%
Arrive
31%
Become
31%
Chance
31%
Church
31%
Colour
31%
Decide
31%
Drop
31%
Either
31%
Else
31%
Half
31%
Huge
31%
Idea
31%
Join
31%
Later
31%
Male
31%
Nation
31%
Offer
31%
Parent
31%
Race
31%
Rate
31%
Reach
31%
Rock
31%
Unit
31%
Wife
31%
Ability
30%
Accept
30%
Address
30%
Aim
30%
Band
30%
Choice
30%
Difficult
30%
Event
30%
Fan
30%
Fit
30%
Group
30%
However
30%
Language
30%
Power
30%
Press
30%
Price
30%
Share
30%
Shoot
30%
Across
29%
Area
29%
Base
29%
Company
29%
Complete
29%
Decade
29%
Deep
29%
Female
29%
Final
29%
Force
29%
Gain
29%
Gene
29%
Guy
29%
Health
29%
Knowledge
29%
Leader
29%
Manage
29%
Mass
29%
Page
29%
Piece
29%
Pretty
29%
Raise
29%
Reason
29%
Receive
29%
Science
29%
Seek
29%
Since
29%
Sometimes
29%
View
29%
Adult
28%
Amount
28%
Apply
28%
Artist
28%
Box
28%
Business
28%
Cannot
28%
Century
28%
Direct
28%
Forward
28%
Goal
28%
Information
28%
Match
28%
President
28%
Return
28%
Similar
28%
Such
28%
Treat
28%
Within
28%
Although
27%
Among
27%
Charge
27%
Course
27%
Market
27%
Moment
27%
Nature
27%
Problem
27%
Simple
27%
Wide
27%
Affect
26%
Already
26%
Blood
26%
Cell
26%
Court
26%
Crime
26%
General
26%
Government
26%
Himself
26%
Important
26%
Judge
26%
Key
26%
National
26%
Rule
26%
Spend
26%
Stuff
26%
Upon
26%
Visit
26%
Appear
25%
Argue
25%
Attend
25%
Board
25%
Common
25%
Continue
25%
Control
25%
Couple
25%
Effect
25%
Enough
25%
File
25%
Measure
25%
Meeting
25%
Memory
25%
Mix
25%
Possible
25%
Promise
25%
Prove
25%
Sale
25%
Season
25%
Serve
25%
Vote
25%
Whether
25%
Access
24%
Achieve
24%
Agreement
24%
Attack
24%
Centre
24%
College
24%
Data
24%
Decision
24%
Enjoy
24%
Field
24%
Further
24%
Host
24%
Interest
24%
Issue
24%
Member
24%
Message
24%
Natural
24%
Normal
24%
Notice
24%
Player
24%
Produce
24%
Product
24%
Protect
24%
Record
24%
Remain
24%
Sense
24%
Site
24%
Support
24%
Weight
24%
Welcome
24%
Winner
24%
Compare
23%
Difference
23%
Expect
23%
Explain
23%
Firm
23%
Level
23%
Loss
23%
Mention
23%
Movement
23%
Official
23%
Public
23%
Relation
23%
Score
23%
Single
23%
Size
23%
Special
23%
Station
23%
Success
23%
System
23%
Therefore
23%
Track
23%
Voice
23%
Whatever
23%
Activity
22%
Attention
22%
Author
22%
Certain
22%
Claim
22%
Consider
22%
Contain
22%
Design
22%
Discuss
22%
During
22%
Factor
22%
Finally
22%
Image
22%
Media
22%
Partner
22%
Per cent
22%
Personal
22%
Popular
22%
Reality
22%
Service
22%
Sort
22%
Style
22%
Themselves
22%
User
22%
Video
22%
Worker
22%
Admit
21%
Application
21%
Assume
21%
Attempt
21%
Contact
21%
Deliver
21%
Drug
21%
Due
21%
Education
21%
Email
21%
Example
21%
Exist
21%
Include
21%
Management
21%
Manager
21%
Material
21%
Officer
21%
Provide
21%
Remove
21%
Report
21%
Social
21%
Speed
21%
Stage
21%
Tax
21%
Thus
21%
Trade
21%
Writer
21%
Appeal
20%
Average
20%
Avoid
20%
Beyond
20%
Capital
20%
Central
20%
Challenge
20%
Comment
20%
Community
20%
Competition
20%
Demand
20%
Develop
20%
Discover
20%
Experience
20%
Figure
20%
Former
20%
International
20%
Itself
20%
Lack
20%
Link
20%
Maintain
20%
Major
20%
Medical
20%
Opinion
20%
Option
20%
Owner
20%
Policy
20%
Private
20%
Quickly
20%
Rather
20%
Reader
20%
Realize
20%
Refer
20%
Relationship
20%
Several
20%
Spot
20%
Subject
20%
Suppose
20%
Total
20%
Towards
20%
Usually
20%
Value
20%
Worth
20%
Award
19%
Club
19%
Describe
19%
Economy
19%
Election
19%
Employee
19%
Foreign
19%
Improve
19%
Increase
19%
Limit
19%
Occur
19%
Oil
19%
Perform
19%
Position
19%
Project
19%
Quality
19%
Region
19%
Research
19%
Role
19%
Staff
19%
Stock
19%
Strike
19%
Suggest
19%
Union
19%
Administration
18%
Argument
18%
Available
18%
Battle
18%
Character
18%
Completely
18%
Concern
18%
Current
18%
Doubt
18%
Effort
18%
Failure
18%
Fund
18%
Legal
18%
Minister
18%
Model
18%
Opportunity
18%
Organize
18%
Perhaps
18%
Period
18%
Probably
18%
Process
18%
Production
18%
Professional
18%
Purpose
18%
Recent
18%
Respect
18%
Result
18%
Scene
18%
Serious
18%
Situation
18%
Suffer
18%
Supply
18%
Surprise
18%
Technology
18%
Term
18%
Approach
17%
Career
17%
Collection
17%
Condition
17%
Content
17%
Credit
17%
Define
17%
Director
17%
Energy
17%
Entire
17%
Exactly
17%
Exercise
17%
Feature
17%
Generation
17%
Local
17%
Original
17%
Particular
17%
Political
17%
Practice
17%
Pressure
17%
Promote
17%
Property
17%
Reduce
17%
Reveal
17%
Review
17%
Risk
17%
Sample
17%
Section
17%
Skill
17%
Throughout
17%
Vehicle
17%
Victory
17%
Authority
16%
Basis
16%
Complex
16%
Contract
16%
Culture
16%
Degree
16%
Depend
16%
Detail
16%
Determine
16%
Driver
16%
Express
16%
Focus
16%
Function
16%
Generally
16%
Global
16%
Growth
16%
Identify
16%
Interesting
16%
Introduce
16%
Modern
16%
Nearly
16%
Organization
16%
Population
16%
Positive
16%
Prevent
16%
Publish
16%
Range
16%
Regard
16%
Release
16%
Represent
16%
Response
16%
Series
16%
Society
16%
Solution
16%
Successful
16%
Title
16%
Treatment
16%
Weapon
16%
Album
15%
Announce
15%
Article
15%
Coach
15%
Customer
15%
Damage
15%
Development
15%
Discussion
15%
Disease
15%
Document
15%
Effective
15%
Element
15%
Evidence
15%
Indeed
15%
Industry
15%
Interview
15%
Likely
15%
Necessary
15%
Obtain
15%
Operation
15%
Performance
15%
Previous
15%
Programme
15%
Propose
15%
Require
15%
Security
15%
Separate
15%
Simply
15%
Statement
15%
Surface
15%
Theory
15%
Various
15%
Behaviour
14%
Certainly
14%
Conduct
14%
Council
14%
Debate
14%
Defence
14%
Economic
14%
Especially
14%
Estimate
14%
Financial
14%
Individual
14%
Involve
14%
Majority
14%
Method
14%
Observe
14%
Physical
14%
Refuse
14%
Source
14%
Standard
14%
Structure
14%
Struggle
14%
Target
14%
Training
14%
Trial
14%
Analysis
13%
Benefit
13%
Chief
13%
Clearly
13%
Committee
13%
Currently
13%
Ensure
13%
Environment
13%
Impact
13%
Independent
13%
Instead
13%
Network
13%
Patient
13%
Pattern
13%
Recently
13%
Recognize
13%
Reflect
13%
Resident
13%
Specific
13%
Threat
13%
Audience
12%
Campaign
12%
Candidate
12%
Demonstrate
12%
Display
12%
Establish
12%
Extend
12%
Highly
12%
Influence
12%
Injury
12%
Military
12%
Overall
12%
Protein
12%
Related
12%
Religious
12%
Replace
12%
Resource
12%
Scheme
12%
Senior
12%
Significant
12%
Species
12%
Strategy
12%
Traditional
12%
Version
12%
Associate
11%
Despite
11%
Executive
11%
Facility
11%
Indicate
11%
Investment
11%
Particularly
11%
Potential
11%
Principle
11%
Responsibility
11%
Sector
11%
Encourage
10%
Launch
10%
Presence
10%
Sequence
10%

Score Distribution

Percentile by Number Answered

Percent of People with Each Score

Your Score History

You have not taken this quiz